| 000 | 01090nam a22002897a 4500 | ||
|---|---|---|---|
| 999 |
_c63266 _d63266 |
||
| 005 | 20240530110632.0 | ||
| 008 | 170711s2014 ua g |||| 000 0 ara d | ||
| 017 |
_a2012/3295 _bمصر . دار الكتب المصرية |
||
| 020 | _a9789777049481 | ||
| 040 | _aEG-CaGPL | ||
| 082 | 0 | 4 |
_221 _a808.068 _bس ك |
| 100 | 1 | 0 |
_aستراتشان ، لندا _eمؤلف |
| 245 | 1 | 2 |
_aالكتابة للاطفال / _cتأليف لندا ستراتشان ؛ ترجمة ليلي صلاح لبابيدى |
| 250 | _aط 1 | ||
| 260 |
_aالقاهرة : _bالمركز القومي للترجمة ، _c2014 |
||
| 300 |
_a304 ص ، _c24 سم |
||
| 490 |
_aالمركز القومى للترجمة ؛ _v2078 |
||
| 504 | _aيشتمل علي ارجاعات بيبلوجرافية | ||
| 650 | 0 | 7 | _aكتب اطفال |
| 650 | 0 | 7 | _aالكتب المصورة |
| 650 | 0 | 7 |
_aالكتب المصورة _xاطفال |
| 650 | 0 | 7 |
_aالكتابة _xعلم |
| 650 | 0 | 7 | _aالشعر |
| 700 | 0 |
_aليلي صلاح لبابيدي _eمترجم |
|
| 942 |
_2ddc _cBK |
||